[Event "Veneto-ch qf 80th"]
[Site "Sottomarina"]
[Date "2021.06.06"]
[Round "5.4"]
[White "Rossato, Armando"]
[Black "Bordin, Silvia"]
[Result "0-1"]
[WhiteElo "2061"]
[BlackElo "1941"]
[PlyCount "96"]
[EventDate "2021.06.04"]
[EventType "swiss"]
[EventRounds "5"]
[EventCountry "ITA"]
[SourceTitle "EXT 2024"]
[Source "ChessBase"]
[SourceDate "2023.10.10"]
[SourceVersion "1"]
[SourceVersionDate "2023.10.10"]
[SourceQuality "1"]

1. d4 d5 2. Nf3 e6 3. e3 c6 4. Bd3 f5 5. 0-0 Bd6 6. c4 Nf6 7. Nc3 0-0 8. Bd2 Ne4 9. Ne5 Nd7 10. f4 Ndf6 11. Rf3 Bd7 12. Be1 Be8 13. Rh3 Be7 14. Rc1 Nd7 15. Be2 Nxe5 16. Nxe4 Nxc4 17. Bxc4 fxe4 18. Be2 g5 19. Bg4 gxf4 20. Bxe6+ Kh8 21. exf4 Qd6 22. f5 Bg5 23. Rcc3 Bf7 24. Qg4 Qf4 25. Qxf4 Bxf4 26. Bh4 Bxe6 27. fxe6 Bd6 28. Rb3 b6 29. Bg5 Rf5 30. Be3 Rf6 31. Rc3 Rxe6 32. g3 Rc8 33. Rh5 Rc7 34. Rf5 Kg7 35. a3 h6 36. b4 Kg6 37. g4 Rf7 38. Kg2 Rxf5 39. gxf5+ Kxf5 40. Rxc6 Rg6+ 41. Kh1 h5 42. Rc8 Kg4 43. Rc3 Kf3 44. b5 Bf4 45. Bg1+ e3 46. a4 Ke4 47. a5 Kxd4 48. axb6 axb6 0-1

[Event "Verona-chT Serie B/5 51st"]
[Site "Verona"]
[Date "2019.03.17"]
[Round "4.1"]
[White "Rossato, Armando"]
[Black "Caposciutti, Maurizio"]
[Result "0-1"]
[WhiteElo "2101"]
[BlackElo "2329"]
[PlyCount "44"]
[EventDate "2019.03.15"]
[EventType "team-tourn"]
[EventRounds "5"]
[EventCountry "ITA"]
[SourceTitle "EXT 2022"]
[Source "ChessBase"]
[SourceDate "2021.10.06"]
[SourceVersion "1"]
[SourceVersionDate "2021.10.06"]
[SourceQuality "1"]
[WhiteTeam "Padova Micha Knights"]
[BlackTeam "Grosseto Mattoallaprossima"]
[WhiteTeamCountry "ITA"]
[BlackTeamCountry "ITA"]

1. d4 d6 2. e4 Nf6 3. Nc3 c6 4. f4 Qa5 5. Bd2 e5 6. Nd5 Qd8 7. Nxf6+ Qxf6 8. Nf3 Bg4 9. fxe5 dxe5 10. dxe5 Qg6 11. Bd3 Nd7 12. Qe2 Qh5 13. Bc3 Nxe5 14. Bxe5 Bxf3 15. gxf3 Qxe5 16. 0-0-0 0-0-0 17. Kb1 f6 18. f4 Qxf4 19. Rhf1 Qc7 20. e5 Qxe5 21. Bf5+ Kc7 22. Rxd8 Qxe2 0-1

[Event "Verona-chT Serie B/5 51st"]
[Site "Verona"]
[Date "2019.03.17"]
[Round "5.1"]
[White "Zenari, Marco"]
[Black "Rossato, Armando"]
[Result "1-0"]
[WhiteElo "2174"]
[BlackElo "2101"]
[PlyCount "55"]
[EventDate "2019.03.15"]
[EventType "team-tourn"]
[EventRounds "5"]
[EventCountry "ITA"]
[SourceTitle "EXT 2022"]
[Source "ChessBase"]
[SourceDate "2021.10.06"]
[SourceVersion "1"]
[SourceVersionDate "2021.10.06"]
[SourceQuality "1"]
[WhiteTeam "Valpolicella"]
[BlackTeam "Padova Micha Knights"]
[WhiteTeamCountry "ITA"]
[BlackTeamCountry "ITA"]

1. e4 g6 2. d4 Bg7 3. Nc3 d6 4. Be3 Nd7 5. Nf3 a6 6. a4 b6 7. Bd3 Bb7 8. 0-0 e6 9. Re1 Ne7 10. Qd2 h6 11. Rad1 Nf6 12. h3 d5 13. Bf4 g5 14. Be5 0-0 15. Bxf6 Bxf6 16. e5 Bg7 17. Ne2 Ng6 18. Nh2 Qe8 19. f4 gxf4 20. Nxf4 Qxa4 21. Bxg6 fxg6 22. Nxe6 c5 23. b3 Qd7 24. Nxf8 Rxf8 25. Rf1 cxd4 26. Qxd4 Qe6 27. Ng4 Re8 28. Nf6+ 1-0

[Event "Chioggia op-A 11th"]
[Site "Chioggia"]
[Date "2016.10.08"]
[Round "3"]
[White "Bordignon, Angelo"]
[Black "Rossato, Armando"]
[Result "1/2-1/2"]
[WhiteElo "1962"]
[BlackElo "2120"]
[PlyCount "53"]
[EventDate "2016.10.07"]
[EventType "swiss"]
[EventRounds "5"]
[EventCountry "ITA"]
[SourceTitle "EXT 2022"]
[Source "ChessBase"]
[SourceDate "2021.10.06"]
[SourceVersion "1"]
[SourceVersionDate "2021.10.06"]
[SourceQuality "1"]

1. c4 Nc6 2. Nc3 Nf6 3. e4 e5 4. Nf3 d6 5. h3 Be7 6. d4 exd4 7. Nxd4 0-0 8. g3 Bd7 9. Bg2 Qc8 10. Kf1 Ne5 11. b3 a6 12. Kg1 Rb8 13. Bb2 c5 14. Nc2 b5 15. f4 Ng6 16. Ne3 bxc4 17. Nxc4 Rd8 18. Qc2 Be6 19. Nd5 Bxd5 20. exd5 Nd7 21. Kh2 Nb6 22. Rad1 Nxc4 23. bxc4 Bf8 24. Rhe1 Re8 25. Bc3 h5 26. Be4 h4 27. Bxg6 1/2-1/2

[Event "Noale Szabados Memorial-A 5th"]
[Site "Noale"]
[Date "2012.02.05"]
[Round "5"]
[White "Lazic, Miroljub"]
[Black "Rossato, Armando"]
[Result "1-0"]
[WhiteElo "2477"]
[BlackElo "2107"]
[PlyCount "59"]
[EventDate "2012.02.03"]
[EventType "swiss"]
[EventRounds "5"]
[EventCountry "ITA"]
[SourceTitle "EXT 2022"]
[Source "ChessBase"]
[SourceDate "2021.10.06"]
[SourceVersion "1"]
[SourceVersionDate "2021.10.06"]
[SourceQuality "1"]

1. e4 e6 2. d3 c5 3. Nf3 Nc6 4. g3 Be7 5. Bg2 Nf6 6. 0-0 0-0 7. Re1 d5 8. Qe2 dxe4 9. dxe4 e5 10. c3 Qc7 11. Nbd2 Rd8 12. Nf1 Be6 13. Ng5 Qd6 14. Nxe6 fxe6 15. Ne3 Qd3 16. Qf3 Qd7 17. Bh3 Bf8 18. Ng4 Nxg4 19. Qxg4 Re8 20. Be3 Qf7 21. Rad1 b5 22. Rd2 Qc7 23. Red1 Rad8 24. Rxd8 Nxd8 25. Qe2 Qc6 26. Qd3 Be7 27. Qd7 Kf7 28. Bg5 Qxd7 29. Rxd7 Nc6 30. Rc7 1-0

[Event "Noale Szabados Memorial-A 5th"]
[Site "Noale"]
[Date "2012.02.03"]
[Round "1"]
[White "Rossato, Armando"]
[Black "Collutiis, Duilio"]
[Result "1/2-1/2"]
[WhiteElo "2107"]
[BlackElo "2477"]
[PlyCount "86"]
[EventDate "2012.02.03"]
[EventType "swiss"]
[EventRounds "5"]
[EventCountry "ITA"]
[SourceTitle "EXT 2022"]
[Source "ChessBase"]
[SourceDate "2021.10.06"]
[SourceVersion "1"]
[SourceVersionDate "2021.10.06"]
[SourceQuality "1"]

1. d4 Nf6 2. Nf3 d6 3. Nc3 g6 4. e4 Bg7 5. Be3 0-0 6. Qd2 b6 7. Rd1 Bb7 8. Bd3 c5 9. d5 a6 10. a4 Re8 11. 0-0 Nbd7 12. h3 Qb8 13. Rfe1 Qc7 14. Bf4 Ne5 15. Nxe5 dxe5 16. Bh6 Rf8 17. Bc4 Ne8 18. Qe2 Nd6 19. b3 Kh8 20. Rd3 Bc8 21. g4 Bd7 22. Rdd1 Qb7 23. Qe3 b5 24. axb5 axb5 25. Bf1 Qc7 26. Kh1 Qa5 27. Ne2 Qb4 28. Bg2 Ra2 29. c3 Qa3 30. f4 exf4 31. Bxf4 f6 32. e5 fxe5 33. Bxe5 Rf7 34. Rb1 Rb2 35. Ra1 Ra2 36. Rab1 Kg8 37. Rf1 Rxf1+ 38. Rxf1 Qb2 39. Rf2 Qd2 40. Qf3 Qe1+ 41. Bf1 Qxf2 42. Qxf2 Bxe5 43. Qxc5 Ra1 1/2-1/2

[Event "Veneto Region-ch"]
[Site "Arqua Petrarca"]
[Date "2006.05.14"]
[Round "5"]
[White "Casciello, Dimitri"]
[Black "Rossato, Armando"]
[Result "0-1"]
[WhiteElo "2010"]
[BlackElo "2087"]
[PlyCount "52"]
[EventDate "2006.05.06"]
[EventType "swiss"]
[EventRounds "6"]
[EventCountry "ITA"]
[SourceTitle "EXT 2011"]
[Source "ChessBase"]
[SourceDate "2010.11.26"]
[SourceVersion "1"]
[SourceVersionDate "2010.11.26"]
[SourceQuality "1"]

1. e4 d5 2. Nc3 d4 3. Nce2 c5 4. d3 Nc6 5. g3 e5 6. Bg2 Be6 7. Nf3 f6 8. 0-0 Qd7 9. Nh4 g5 10. Nf5 h5 11. f4 gxf4 12. gxf4 0-0-0 13. Nh4 Nge7 14. f5 Bf7 15. Ng3 Bh6 16. Bxh6 Rxh6 17. Qd2 Rdh8 18. a3 Kb8 19. Rfb1 R6h7 20. b4 c4 21. b5 Nd8 22. Qb4 c3 23. Qa5 Rg7 24. Bf3 Rg5 25. Rb4 b6 26. Qa6 Nb7 0-1

[Event "Veneto Region-ch"]
[Site "Arqua Petrarca"]
[Date "2006.05.07"]
[Round "2"]
[White "Rossato, Armando"]
[Black "Brugnaro, Luca"]
[Result "1-0"]
[WhiteElo "2087"]
[BlackElo "1332"]
[PlyCount "31"]
[EventDate "2006.05.06"]
[EventType "swiss"]
[EventRounds "6"]
[EventCountry "ITA"]
[SourceTitle "EXT 2011"]
[Source "ChessBase"]
[SourceDate "2010.11.26"]
[SourceVersion "1"]
[SourceVersionDate "2010.11.26"]
[SourceQuality "1"]

1. d4 Nf6 2. Nf3 e6 3. e3 b6 4. Bd3 Bb7 5. Nbd2 d6 6. e4 Nbd7 7. 0-0 Be7 8. Re1 e5 9. c3 Nh5 10. Nxe5 Ndf6 11. Bb5+ c6 12. Bxc6+ Bxc6 13. Nxc6 Qd7 14. Nxe7 Qxe7 15. e5 0-0 16. exf6 1-0

[Event "Veneto-ch qf 65th"]
[Site "Arqua Petrarca"]
[Date "2005.05.15"]
[Round "6.4"]
[White "Luciani, Valerio"]
[Black "Rossato, Armando"]
[Result "1-0"]
[WhiteElo "2241"]
[BlackElo "2079"]
[PlyCount "85"]
[EventDate "2005.05.07"]
[EventType "swiss"]
[EventRounds "6"]
[EventCountry "ITA"]
[SourceTitle "EXT 2024"]
[Source "ChessBase"]
[SourceDate "2023.10.10"]
[SourceVersion "1"]
[SourceVersionDate "2023.10.10"]
[SourceQuality "1"]

1. d4 Nf6 2. c4 c5 3. d5 g6 4. Nc3 Bg7 5. e4 d6 6. Bd3 0-0 7. Nge2 Na6 8. f3 Nc7 9. Be3 Rb8 10. Rb1 e6 11. 0-0 exd5 12. cxd5 b5 13. b4 c4 14. Bc2 a6 15. Nd4 Bd7 16. Qd2 Re8 17. a4 Qe7 18. Bf2 Qf8 19. a5 Bh6 20. f4 Ng4 21. Bg3 Bg7 22. h3 Nh6 23. Rbe1 f5 24. e5 Kh8 25. e6 Bc8 26. Bd1 Ng8 27. Bf3 Ne7 28. Bf2 Bb7 29. Nde2 Rbc8 30. Be3 Kg8 31. g4 Bf6 32. g5 Bg7 33. Rd1 Na8 34. Qe1 Rc7 35. h4 Rec8 36. Rf2 Re8 37. Rh2 Rcc8 38. h5 Rc7 39. Qh4 Bh8 40. Kf2 Bc8 41. Qh3 Rb7 42. hxg6 Nxg6 43. Bh5 1-0

[Event "Veneto-ch qf 65th"]
[Site "Arqua Petrarca"]
[Date "2005.05.14"]
[Round "4.3"]
[White "Rossato, Armando"]
[Black "Castellano, Alfonso"]
[Result "1-0"]
[WhiteElo "2079"]
[BlackElo "1913"]
[PlyCount "99"]
[EventDate "2005.05.07"]
[EventType "swiss"]
[EventRounds "6"]
[EventCountry "ITA"]
[SourceTitle "EXT 2024"]
[Source "ChessBase"]
[SourceDate "2023.10.10"]
[SourceVersion "1"]
[SourceVersionDate "2023.10.10"]
[SourceQuality "1"]

1. d4 Nf6 2. Nf3 d5 3. e3 e6 4. Bd3 c5 5. b3 Nc6 6. Bb2 Be7 7. Nbd2 b6 8. 0-0 0-0 9. Ne5 Bb7 10. f4 Nd7 11. Nxd7 Qxd7 12. f5 Bf6 13. Nf3 Qc7 14. c4 Rad8 15. cxd5 exd5 16. Rc1 Rfe8 17. Qd2 Qb8 18. Rfe1 cxd4 19. exd4 Rxe1+ 20. Rxe1 Re8 21. g3 Re7 22. Rxe7 Bxe7 23. Ne5 f6 24. Nf3 Qd6 25. Qe3 Bc8 26. Ne1 Bd7 27. Ng2 Nd8 28. Nf4 Bf8 29. Nxd5 Kh8 30. Nf4 Bc6 31. Bc4 b5 32. Be6 Qb4 33. g4 Be8 34. a3 Qd6 35. b4 Nc6 36. Nd3 Qc7 37. d5 Nd8 38. Nc5 Bd6 39. h3 a5 40. Bd4 axb4 41. axb4 Nf7 42. Ne4 Be5 43. Bc5 Nd6 44. Nxd6 Bxd6 45. Kg2 g5 46. Bxd6 Qxd6 47. Qc5 Qxc5 48. bxc5 b4 49. d6 Ba4 50. d7 1-0

[Event "Veneto-ch qf 65th"]
[Site "Arqua Petrarca"]
[Date "2005.05.08"]
[Round "3.3"]
[White "Navarro, Stefano"]
[Black "Rossato, Armando"]
[Result "0-1"]
[WhiteElo "2179"]
[BlackElo "2079"]
[PlyCount "52"]
[EventDate "2005.05.07"]
[EventType "swiss"]
[EventRounds "6"]
[EventCountry "ITA"]
[SourceTitle "EXT 2024"]
[Source "ChessBase"]
[SourceDate "2023.10.10"]
[SourceVersion "1"]
[SourceVersionDate "2023.10.10"]
[SourceQuality "1"]

1. e4 c5 2. Nf3 Nc6 3. d4 cxd4 4. Nxd4 e5 5. Nb5 d6 6. c4 Be7 7. N1c3 a6 8. Na3 f5 9. exf5 Bxf5 10. Bd3 Bxd3 11. Qxd3 Nf6 12. Nc2 0-0 13. 0-0 Kh8 14. b3 Qe8 15. Ne3 Nd4 16. Ned5 Rd8 17. Be3 Ne6 18. Rad1 Ng4 19. Bb6 Rd7 20. Qh3 Qg6 21. Nxe7 Rxe7 22. Rxd6 Ref7 23. Nd5 Nxf2 24. Bxf2 Rxf2 25. Rd1 Nd4 26. Nf6 R8xf6 0-1

[Event "Veneto-ch qf 65th"]
[Site "Arqua Petrarca"]
[Date "2005.05.08"]
[Round "2.12"]
[White "Rossato, Armando"]
[Black "Morganti, Lionello"]
[Result "1-0"]
[WhiteElo "2079"]
[BlackElo "1667"]
[PlyCount "43"]
[EventDate "2005.05.07"]
[EventType "swiss"]
[EventRounds "6"]
[EventCountry "ITA"]
[SourceTitle "EXT 2024"]
[Source "ChessBase"]
[SourceDate "2023.10.10"]
[SourceVersion "1"]
[SourceVersionDate "2023.10.10"]
[SourceQuality "1"]

1. d4 Nf6 2. Nf3 g6 3. c4 Bg7 4. Nc3 0-0 5. e3 c5 6. Be2 cxd4 7. exd4 d5 8. c5 Nc6 9. h3 a6 10. Bf4 e6 11. Bd6 Re8 12. Ne5 Bf8 13. Nxc6 bxc6 14. Bxf8 Kxf8 15. f4 Ne4 16. 0-0 Nxc3 17. bxc3 a5 18. Rb1 Ba6 19. Rb6 Bxe2 20. Qxe2 Qc7 21. Qe5 Qxe5 22. fxe5 1-0

[Event "ITA-ch sf"]
[Site "San Martino di Castrozza"]
[Date "2003.06.22"]
[Round "2"]
[White "Rossato, Armando"]
[Black "Cocchi, Andrea"]
[Result "0-1"]
[WhiteElo "2192"]
[BlackElo "2311"]
[PlyCount "84"]
[EventDate "2003.06.21"]
[EventType "swiss"]
[EventRounds "9"]
[EventCountry "ITA"]
[SourceTitle "EXT 2005"]
[Source "ChessBase"]
[SourceDate "2004.11.15"]
[SourceVersion "1"]
[SourceVersionDate "2004.11.15"]
[SourceQuality "1"]

1. e4 c5 2. Nf3 Nc6 3. Bb5 Qb6 4. Nc3 e6 5. a4 Nge7 6. 0-0 a6 7. Bc4 Ng6 8. b3 Be7 9. Re1 d6 10. Bb2 Bf6 11. g3 0-0 12. h4 Nge5 13. Nxe5 Bxe5 14. Rb1 Bd7 15. Qc1 Rae8 16. Ne2 Bxb2 17. Qxb2 Ne5 18. Qc3 Bc6 19. Nf4 Qc7 20. a5 Nxc4 21. bxc4 Qd7 22. h5 f6 23. Rb6 Qf7 24. Qd3 e5 25. Nd5 Qxh5 26. Nc7 f5 27. Rxc6 bxc6 28. Nxe8 Rxe8 29. Qxd6 f4 30. Qxc6 h6 31. Qd7 Rf8 32. Kg2 Qg5 33. Qh3 f3+ 34. Kg1 Qxd2 35. Qf1 Qxc2 36. Rb1 Qxe4 37. Rb6 Rd8 38. Qc1 Qe2 39. Rb1 Rd2 40. Rb8+ Kh7 41. Qb1+ e4 42. Qf1 Rd1 0-1

[Event "Verona op 9th"]
[Site "Verona"]
[Date "2003.01.??"]
[Round "4"]
[White "Rossato, Armando"]
[Black "Vocaturo, Daniele"]
[Result "1-0"]
[WhiteElo "2206"]
[BlackElo "2084"]
[PlyCount "49"]
[EventDate "2003.01.??"]
[EventType "swiss"]
[EventRounds "7"]
[EventCountry "ITA"]
[SourceTitle "EXT 2005"]
[Source "ChessBase"]
[SourceDate "2004.11.15"]
[SourceVersion "1"]
[SourceVersionDate "2004.11.15"]
[SourceQuality "1"]

1. d4 d5 2. e4 dxe4 3. Nc3 Nf6 4. f3 exf3 5. Nxf3 Bg4 6. h3 Bxf3 7. Qxf3 c6 8. Be3 e6 9. 0-0-0 Nbd7 10. Bd3 Bd6 11. g4 Qc7 12. g5 Nd5 13. Nxd5 cxd5 14. Rhf1 f5 15. gxf6 Nxf6 16. Bb5+ Kd8 17. Bg5 Be7 18. Rde1 Rc8 19. Bd3 Qb6 20. Qe2 Qxd4 21. Qxe6 Qc5 22. Rf5 Qd6 23. Rxd5 Rxc2+ 24. Bxc2 Qxd5 25. Rd1 1-0

[Event "Venice Autumn op 08th"]
[Site "Venice"]
[Date "2002.10.??"]
[Round "1"]
[White "Rigo, Gianfrancesco"]
[Black "Rossato, Armando"]
[Result "1-0"]
[WhiteElo "2003"]
[BlackElo "2206"]
[PlyCount "101"]
[EventDate "2002.10.31"]
[EventType "swiss"]
[EventRounds "6"]
[EventCountry "ITA"]
[SourceTitle "EXT 2023"]
[Source "ChessBase"]
[SourceDate "2022.10.05"]
[SourceVersion "1"]
[SourceVersionDate "2022.10.05"]
[SourceQuality "1"]

1. e4 e6 2. d3 b6 3. Nf3 Bb7 4. g3 Be7 5. Bg2 d6 6. 0-0 Nd7 7. Nd4 c5 8. Ne2 h5 9. Nf4 g6 10. c3 Qc7 11. Na3 a6 12. d4 0-0-0 13. Qe2 Kb8 14. b4 h4 15. bxc5 dxc5 16. Nc4 Ngf6 17. Nd5 Nxd5 18. exd5 g5 19. d6 Bxd6 20. Bxb7 Kxb7 21. Qf3+ Ka7 22. Nxd6 Qxd6 23. Bxg5 f6 24. Bf4 e5 25. dxc5 Qxc5 26. Be3 Qc7 27. a4 a5 28. Rab1 hxg3 29. hxg3 Qb7 30. Qxb7+ Kxb7 31. Rfd1 Kc6 32. Rb5 Rdg8 33. Rbd5 Rh7 34. c4 Rg4 35. Rc1 Rxc4 36. Rxc4+ Kxd5 37. Rc7 Kd6 38. Bxb6 Nxb6 39. Rxh7 Nxa4 40. Ra7 Nc5 41. Rxa5 f5 42. Kg2 Kd5 43. Kf3 Kd4 44. Ke2 Nb3 45. Ra8 Ke4 46. f3+ Kd5 47. Rd8+ Ke6 48. Ke3 Nc5 49. Rc8 Nd7 50. Rc6+ Kd5 51. Rh6 1-0

[Event "ITA-ch sf"]
[Site "Arvier"]
[Date "2002.06.29"]
[Round "8"]
[White "Contin, Daniel"]
[Black "Rossato, Armando"]
[Result "0-1"]
[WhiteElo "2338"]
[BlackElo "2169"]
[PlyCount "110"]
[EventDate "2002.06.22"]
[EventType "swiss"]
[EventRounds "9"]
[EventCountry "ITA"]
[SourceTitle "CBM 089 Extra"]
[Source "ChessBase"]
[SourceDate "2002.09.10"]
[SourceVersion "2"]
[SourceVersionDate "2002.09.10"]
[SourceQuality "1"]

1. c4 e5 2. Nc3 d6 3. d4 exd4 4. Qxd4 Nf6 5. g3 Nc6 6. Qd2 Be6 7. e4 Be7 8. b3 0-0 9. Bg2 Re8 10. Nge2 a6 11. 0-0 Rb8 12. f4 Qc8 13. Nd5 Bh3 14. Nec3 Bd8 15. Bb2 Bxg2 16. Qxg2 h5 17. Rae1 Re6 18. Kh1 b5 19. e5 Nd7 20. cxb5 axb5 21. Nf6+ gxf6 22. Qxc6 b4 23. Ne4 dxe5 24. Qd5 Nb6 25. Qd1 Qb7 26. fxe5 Nd5 27. Qxh5 Nc3 28. Bxc3 bxc3 29. Qg4+ Kf8 30. exf6 Bxf6 31. Kg1 Bd4+ 32. Kg2 Rbe8 33. Qf3 c5 34. Ng5 Qxf3+ 35. Nxf3 Re2+ 36. Kh3 Rxa2 37. Rc1 Rb8 38. Rfd1 Rb4 39. Rd3 Rb2 40. Rcxc3 Bxc3 41. Rxc3 R2xb3 42. Rxb3 Rxb3 43. Ne5 Rc3 44. Kg4 f6 45. Nd7+ Ke7 46. Nb6 Kd6 47. h4 Rb3 48. Nc4+ Kd5 49. Nd2 Rd3 50. Nf1 Ke5 51. h5 f5+ 52. Kg5 Rf3 53. Nd2 Rxg3+ 54. Kh6 f4 55. Kh7 Rg2 0-1

[Event "ITA-ch sf"]
[Site "Arvier"]
[Date "2002.06.26"]
[Round "5"]
[White "Rossato, Armando"]
[Black "Forno, Roberto"]
[Result "1-0"]
[WhiteElo "2169"]
[BlackElo "2079"]
[PlyCount "61"]
[EventDate "2002.06.22"]
[EventType "swiss"]
[EventRounds "9"]
[EventCountry "ITA"]
[SourceTitle "CBM 089 Extra"]
[Source "ChessBase"]
[SourceDate "2002.09.10"]
[SourceVersion "2"]
[SourceVersionDate "2002.09.10"]
[SourceQuality "1"]

1. d4 Nf6 2. Nf3 g6 3. Nc3 Bg7 4. e4 d6 5. Be3 0-0 6. Qd2 c6 7. Be2 b5 8. a3 a6 9. 0-0 Nbd7 10. Bh6 Qb6 11. Bxg7 Kxg7 12. e5 Nd5 13. Nxd5 cxd5 14. b4 dxe5 15. dxe5 Bb7 16. c3 Rac8 17. Rac1 Rc7 18. Rfe1 Rfc8 19. h4 Qe6 20. h5 Nxe5 21. h6+ Kg8 22. Nxe5 Qxe5 23. Bg4 Qf6 24. Bxc8 Rxc8 25. Qd4 Qxd4 26. cxd4 Rc4 27. Rxc4 dxc4 28. Rxe7 Bc6 29. Rc7 Be8 30. d5 Kf8 31. d6 1-0

[Event "ITA-ch sf"]
[Site "Arvier"]
[Date "2002.06.23"]
[Round "2"]
[White "Rossato, Armando"]
[Black "Barlocco, Carlo"]
[Result "1-0"]
[WhiteElo "2169"]
[BlackElo "2129"]
[PlyCount "71"]
[EventDate "2002.06.22"]
[EventType "swiss"]
[EventRounds "9"]
[EventCountry "ITA"]
[SourceTitle "CBM 089 Extra"]
[Source "ChessBase"]
[SourceDate "2002.09.10"]
[SourceVersion "2"]
[SourceVersionDate "2002.09.10"]
[SourceQuality "1"]

1. d4 d6 2. Nf3 Bg4 3. Qd3 Nd7 4. g3 Ngf6 5. Bg2 c6 6. 0-0 Bxf3 7. exf3 e6 8. f4 Be7 9. Re1 0-0 10. Nc3 Re8 11. Bd2 g6 12. Re2 Bf8 13. Rae1 d5 14. Nd1 a5 15. Ne3 b5 16. g4 Qc7 17. Bf3 Reb8 18. c3 c5 19. g5 c4 20. Qc2 Qxf4 21. Bg2 Nh5 22. Nxd5 Qd6 23. Nf6+ Ndxf6 24. gxf6 Ra6 25. Qe4 Nxf6 26. Qh4 Nd5 27. Re5 Bg7 28. Bxd5 Bxe5 29. dxe5 Qxd5 30. Bh6 Qf3 31. Re3 Qf5 32. Rh3 Raa8 33. Kg2 Rd8 34. Bg5 f6 35. Qxh7+ Kf8 36. Qh8+ 1-0

[Event "Veneto-ch Quarti di Finale 62nd"]
[Site "Arqua Petrarca"]
[Date "2002.05.??"]
[Round "2"]
[White "Belloni, Umberto"]
[Black "Rossato, Armando"]
[Result "0-1"]
[WhiteElo "1662"]
[BlackElo "2169"]
[PlyCount "84"]
[EventDate "2002.05.04"]
[EventType "swiss"]
[EventRounds "6"]
[EventCountry "ITA"]
[SourceTitle "EXT 2023"]
[Source "ChessBase"]
[SourceDate "2022.10.05"]
[SourceVersion "1"]
[SourceVersionDate "2022.10.05"]
[SourceQuality "1"]

1. e4 e5 2. Nf3 d5 3. d3 dxe4 4. dxe4 Qxd1+ 5. Kxd1 Nc6 6. Bd3 Bg4 7. Be3 0-0-0 8. Ke2 Nd4+ 9. Bxd4 exd4 10. h3 Bh5 11. g4 Bg6 12. Nh4 Nf6 13. Nxg6 hxg6 14. Nd2 Bd6 15. Nc4 Rhe8 16. Nxd6+ Rxd6 17. Kf3 Nd7 18. Kg3 Nc5 19. f3 Rb6 20. b3 Nxd3 21. cxd3 Rc6 22. Rhc1 Ree6 23. Kf2 g5 24. Ke2 Rh6 25. Rxc6 Rxc6 26. Kd2 Kd7 27. Rh1 Rh6 28. Ke2 Ra6 29. Ra1 Kd6 30. Kf2 Rc6 31. Kg3 Ke5 32. Rd1 Rc2 33. a4 c5 34. a5 Rc3 35. a6 b6 36. h4 gxh4+ 37. Kxh4 Kf4 38. g5 Rc2 39. Kh3 Rf2 40. Rg1 Rxf3+ 41. Kh4 Rxd3 42. Rg4+ Ke5 0-1

[Event "Kali Cup 1st"]
[Site "Mindszentkalla"]
[Date "2002.01.23"]
[Round "8"]
[White "Rossato, Armando"]
[Black "Hammes, Michael"]
[Result "0-1"]
[WhiteElo "2163"]
[BlackElo "2372"]
[PlyCount "76"]
[EventDate "2002.01.18"]
[EventType "tourn"]
[EventRounds "11"]
[EventCountry "HUN"]
[EventCategory "2"]
[SourceTitle "EXT 2003"]
[Source "ChessBase"]
[SourceDate "2002.11.25"]
[SourceVersion "1"]
[SourceVersionDate "2002.11.25"]
[SourceQuality "1"]

1. d4 Nf6 2. Nf3 e6 3. e3 b6 4. Bd3 Bb7 5. Nbd2 c5 6. 0-0 Be7 7. b3 d6 8. Bb2 Nbd7 9. c4 0-0 10. Qc2 cxd4 11. exd4 Rc8 12. Rac1 Re8 13. Qb1 Nf8 14. Ng5 Rc7 15. Rce1 g6 16. f4 Nh5 17. Nge4 d5 18. Ng3 Nxg3 19. hxg3 Bf6 20. Qa1 dxc4 21. Nxc4 Nd7 22. Nd6 Rf8 23. Rc1 Rxc1 24. Rxc1 Qb8 25. Nc4 Rd8 26. Be2 Bg7 27. Kh2 h5 28. Rd1 h4 29. Ne5 hxg3+ 30. Kxg3 Nf6 31. Rh1 Ne4+ 32. Kh2 Qc7 33. Rc1 Qe7 34. g3 Bxe5 35. fxe5 Qg5 36. Rg1 Qh6+ 37. Kg2 Qe3 38. Qe1 Nxg3+ 0-1